Score 0/20 Timer 07:00
0 Plays Today
% Correct
The Office / The Office
96.4%
The Voice / The Voice Of Holland
94%
Ugly Betty / Yo Soy Betty, La Fea
92.8%
American Idol / Pop Idol
90.3%
Survivor / Expedition: Robinson
87.5%
Big Brother / Big Brother
86.2%
Dancing With The Stars / Strictly Come Dancing
81.2%
House Of Cards / House Of Cards
80.7%
Shark Tank / マネーの虎 (Money Tigers)
78.6%
Deal Or No Deal / Miljoenenjacht
69.3%
% Correct
Three's Company / Man About The House
60.4%
Homeland / Hatufim (Prisoners Of War)
57.3%
Sanford and Son / Steptoe and Son
53.2%
All In The Family / Till Death Us Do Part
51.4%
Iron Chef America / 料理の鉄人 (Ryōri no Tetsujin)(Ironmen Of Cooking)
47.3%
Wilfred / Wilfred
35.9%
Beacon Hill / Upstairs, Downstairs
29.2%
The Killing / Forbrydelsen
22.7%
Prime Suspect / Prime Suspect
12.6%
The Mole / De Mol
12.3%
Remove Ads.
Support Sporcle.
Get the best of Sporcle when you Go Orange. This ad-free experience offers more features, more stats, and more fun while also helping to support Sporcle. Thank you for becoming a member.

You're not logged in!

Compare scores with friends on all Sporcle quizzes.
OR
Log In

Sporcle TV

Today on Sporcle TV


Watch our educational content, quiz creation guides, and fun videos on Sporcle TV.

Show Comments

Extras

Top Quizzes Today


Score Distribution

Paid Content

Your Account Isn't Verified!

In order to create a playlist on Sporcle, you need to verify the email address you used during registration. Go to your Sporcle Settings to finish the process.

Report this User

Report this user for behavior that violates our Community Guidelines.

Details: